MDQL
is popping MORE tags! Check the
thread
!
Quizzes
Events
Quiz Creation
Community
Videos
Private Events
Remove Ads
Sign In
Join for FREE
Feedback
Dark Mode
Quiz Categories
Sports
Geography
Music
Movies
Television
Just For Fun
Miscellaneous
History
Literature
Language
Science
Gaming
Entertainment
Religion
Holiday
For Kids
Quiz Lab
Recent
Popular Today
Quiz Kudos Today
Editor Picks
Curator Picks
Quizzes by...
Day
Popularity
Type
Ratings
Length
Year
Community
Subscriptions
Recent Discussions
Orange Saloon
Badges
Playlists
Quests
Create
Leaderboards
Showdown
Live 5
Trivia Bingo
Activity
Puzzle Library
Sporcle Events
Private Events
Virtual Trivia
Globe League
Become a Host
Pub Owners
SporcleCon
Opinionation
Our Games
Videos
Blog
Mobile Apps
Partnerships
Remove Ads and Go Orange
Feedback
Television
TV Characters
TV Show
Sitcom
Network
Friends
Reality Shows
Cast
South Park
Star Trek
The Simpsons
Doctor Who
Television
TV Characters
TV Show
Sitcom
Network
Friends
Reality Shows
Cast
South Park
Star Trek
The Simpsons
Doctor Who
Random Quiz
Search Sporcle
×
Quiz Lab
Quiz Lab
Television
TV Show
Type in answers that appear in a list
Type in answers that appear in a list
Classic
Best Score? Go Orange.
2000s TV Show by Synopsis Stats
Can you name the 2000s TV Show by Synopsis?
By
Bedlam
5m
14 Questions
440 Plays
440 Plays
440 Plays
Comments
Comments
Give Quiz Kudos
Give Quiz Kudos
-
- Ratings
hide this ad
Replay
Link that replays current quiz
Next Quiz
Link to next quiz in quiz playlist
You Got
0%
They Got
Avg Score
72%
Avg Friend Score
Upgrade to see
Score Distribution
Jump to the score distribution portion of the page
Score
0/14
Timer
05:00
0
Plays Today
Synopsis
TV Show
% Correct
The survivors of a plane crash are forced to live with each other on a remote island that poses unique threats of its own.
Lost
98%
A mockumentary that documents the exploits of a paper supply company in Scranton, PA.
The Office
93.2%
A drama about one of New York's most prestigious ad agencies at the beginning of the 60s.
Mad Men
88%
A likeable Miami police forensics expert moonlights as a serial killer of criminals.
Dexter
87.3%
The Director of Field of Ops for the Counter Terrorist Unit of LA races against the clock to subvert terrorist plots.
24
82.7%
A brilliant San Francisco detective, whose obsessive compulsive disorder just happens to get in the way.
Monk
78.4%
An antisocial maverick doctor who specializes in diagnostic medicine does whatever it takes to solve puzzling cases.
House M.D.
78.2%
Synopsis
TV Show
% Correct
A level headed son takes over family affairs after his father is imprisoned, but the rest of his family are making his job unbearable.
Arrested Development
71.8%
Secrets and truths unfold through the lives of female friends in one suburban neighborhood, after the mysterious suicide of a neighbor.
Desperate Housewives
70.5%
An aspiring actor navigates the vapid terrain of LA with a close circle of friends and his trusty agent.
Entourage
68.6%
The adventures of a folk-
rock band from New Zealand living in NYC in search of stardom.
Flight of the Conchords
51.8%
A show in the late 1800s, revolving around the characters from a South Dakota town, full of corruption and crime.
Deadwood
49.3%
A renegade crew aboard a small spacecraft try to survive as they travel the unknown parts of the galaxy, evading warring factions as well as authority agents out to get them.
Firefly
48.4%
After her best friend is murdered and her father is removed as sheriff, she dedicates her life to cracking mysteries in the town of Neptune.
Veronica Mars
48.2%
Quiz Playlist
Details
Report
Send in Message
Add To Playlist
Classic:
Type in answers that appear in a list
Last Updated: Feb 16, 2017
Quiz Scoreboard
CHALLENGE
Sign Up to Join the Scoreboard
Show All
Scores
Hide
Comments
May contain spoilers
Recently Published
Two Season TV Shows II
by 123Four
Television
10m
Image Sorting: Flags VI
by Barbecue
Geography
2m
Find the 'City' Movie
by crazypaving
Movies
60s
More to Explore
Quiz From the Vault
Featured Blog Post
14 Easter Pick-up Lines to Find Eggs With
hide this ad
You Might Also Like...
Tags
Show Quiz
TV Show Quiz
2000
Today's Top Quizzes in Television
Browse Television
hide this ad
Today's Top Quizzes in TV Show
Browse TV Show
Top Contributed Quizzes in Television
1
Survivor Journey Challenge
2
Brooklyn Nine Nine Logic Puzzle (How-To-Play)
3
Adjectives in 00s TV Shows
4
Total Drama Characters
5
Survivor Logic Puzzle: Heroes vs. Villains
6
Phoebe Buffay Quotes
7
Survivor Heroes vs. Villains Logic Puzzle
8
Survivor Trivia
9
Emmerdale Characters (from August 2012)
10
Adjectives in 10s TV Shows
Explore More
Trending Topics
Marvel
Kpop
Disney
Anime
NBA
Harry Potter
Crossword
Pokémon
The Office
Puzzle
Soccer
NFL
WWE
Song
Country
hide this ad
More By:
Bedlam
Quiz
Plays
Rating
Category
Featured
Created
90s TV Show by Synopsis
663
3.78
Television
May 24, 2013
70s TV Show by Synopsis
589
4.33
Television
May 24, 2013
80s TV Show by Synopsis
501
4.17
Television
May 24, 2013
2000s TV Show by Synopsis
440
3.71
Television
May 24, 2013
2000s Movie by Synopsis
206
4.20
Movies
May 24, 2013
Go to Creator's Profile
Score Distribution
Quiz Creator Spotlight
Bedlam
Follow
Send a Message
Quizzes Created
-
Created Quiz Play Count
-
More By This Creator
Popular Quizzes Today
1
Colored Red Africa Blitz
2
Find the US States - No Outlines Minefield
3
Find the 'City' Movie
4
5x2 Blitz: Bands
5
The Countries of the World
6
Find the US States
7
Find the Countries of Europe - No Outlines Minefield
8
US States
More Television Quizzes
Nine in Time: Brooklyn Nine-Nine Characters
Published
Trending Quizzes
Colored Red Europe Blitz I
Colored Red Africa Blitz II
Colored Red Europe Blitz II
Colored Red Africa Blitz III
Colored Red Europe Blitz III
Recently Updated
How Do You Spell That?
pecheneg
Godzilla Movies
pecheneg
Grab Bag: 4-10 Letters
pecheneg
2024 March Madness Bracket
pecheneg
Famous TV Couples
Peacemaker
Champions League XIs: Real Madrid
pecheneg
Largest US Cities 1790-2010
pecheneg
Rides in Walt Disney World
pecheneg
Most Oscar Losses (Acting)
pecheneg
Beyoncé Albums
pecheneg
Trending Topics
NBA
Harry Potter
Crossword
Anime
Disney
Marvel
Kpop
The Office
Puzzle
WWE
NFL
Song
Soccer
Pokémon
Country
Your Account Isn't Verified!
In order to create a playlist on Sporcle, you need to verify the email address you used during registration. Go to your
Sporcle Settings
to finish the process.
Report this User
Report this user for behavior that violates our
Community Guidelines
.
Details:
Send Report
Go to the Sporcle.com Mobile Site →
Comments